Interactive systems: problems of human-computer interaction (Запись № 10602761)

Подробности
000 -МАРКЕР
контрольное поле 02240nam0a2200397 4500
001 - ИДЕНТИФИКАТОР ЗАПИСИ
контрольное поле RU\NLR\BIBL_A\010903454
005 - ИДЕНТИФИКАТОР ВЕРСИИ
контрольное поле 20260408114414.0
010 ## - МЕЖДУНАРОДНЫЙ СТАНДАРТНЫЙ НОМЕР КНИГИ (ISBN)
Номер (ISBN) 978-5-9795-1412-3
Тираж 70
021 ## - НОМЕР ГОСУДАРСТВЕННОЙ РЕГИСТРАЦИИ
Код страны российская федерация
Номер 2015-84835
Номер Листа государственной регистраци 5187
035 ## - ДРУГИЕ СИСТЕМНЫЕ НОМЕРА
Идентификатор записи (NILC)RuMoRGB-008057929
035 ## - ДРУГИЕ СИСТЕМНЫЕ НОМЕРА
Идентификатор записи (NLR Aleph) 010903454
100 ## - ДАННЫЕ ОБЩЕЙ ОБРАБОТКИ
Данные общей обработки 20151119d2015 |||y0rusy50 ca
101 0# - ЯЗЫК РЕСУРСА
Язык текста, звукозаписи и т.д. английский
102 ## - СТРАНА ПУБЛИКАЦИИ ИЛИ ПРОИЗВОДСТВА
Страна публикации российская федерация
105 ## - ПОЛЕ КОДИРОВАННЫХ ДАННЫХ: ТЕКСТОВЫЕ МАТЕРИАЛЫ, МОНОГРАФИЧЕСКИЕ
Кодированные данные о монографическом текстовом документе a z 100y0
200 1# - ЗАГЛАВИЕ И СВЕДЕНИЯ ОБ ОТВЕТСТВЕННОСТИ
Основное заглавие Interactive systems: problems of human-computer interaction
Сведения, относящиеся к заглавию IS-2015
-- collection of scientific papers
-- [consists of reports presented during the 11th International conference (10-12 September, Ulyanovsk, Russia)
Первые сведения об ответственности ed. board: Peter Sosnin, Prof. (the resp. ed.) et al.
210 ## - ПУБЛИКАЦИЯ, РАСПРОСТРАНЕНИЕ И ДР.
Место издания, распространения и т.д. Ulyanovsk
Имя издателя, распространителя и т. д. USTU
Дата издания, распространения и т.д. 2015
215 ## - ФИЗИЧЕСКАЯ ХАРАКТЕРИСТИКА
Специфическое обозначение материала и объем 306 с.
Другие сведения о физической характеристике ил.
Размеры 24
300 ## - ОБЩИЕ ПРИМЕЧАНИЯ
Текст примечания В вып. дан.: Интерактивные системы: проблемы человеко-компьютерного взаимодействия : сборник научных трудов
300 ## - ОБЩИЕ ПРИМЕЧАНИЯ
Текст примечания В надзаг.: The Min. of education a. science of the Russian Federation, Russ. assoc. of artificial intelligence, Ulyanovsk state techn. univ. (Russia), Darmstadt univ. of appl. science (Germany) [etc.]
320 ## - ПРИМЕЧАНИЯ О НАЛИЧИИ В ДОКУМЕНТЕ БИБЛИОГРАФИИ / УКАЗАТЕЛЯ
Текст примечания Библиогр. в конце ст.
517 1# - ДРУГИЕ ВАРИАНТЫ ЗАГЛАВИЯ
Вариант заглавия Интерактивные системы: проблемы человеко-компьютерного взаимодействия
Сведения, относящиеся к заглавию сборник научных трудов
606 1# - НАИМЕНОВАНИЕ ТЕМЫ КАК ПРЕДМЕТ
Наименование темы Интерактивные системы
Формальный подзаголовок Сборники
Системный номер авторитетной/нормативной записи 975358
Идентификатор авторитетной/нормативной записи RU\NLR\AUTH\66366481
610 0# - НЕКОНТРОЛИРУЕМЫЕ ПРЕДМЕТНЫЕ ТЕРМИНЫ
Предметный термин интерактивные системы "человек - ЭВМ"
675 ## - УНИВЕРСАЛЬНАЯ ДЕСЯТИЧНАЯ КЛАССИФИКАЦИЯ (UDC/УДК)
Индекс 681.5
686 1# - ИНДЕКСЫ ДРУГИХ КЛАССИФИКАЦИЙ
Индекс З973.2-018.5я43
702 #1 - ИМЯ ЛИЦА - ВТОРИЧНАЯ ОТВЕТСТВЕННОСТЬ
Начальный элемент ввода Sosnin
Часть имени, кроме начального элемента ввода P.I.
Расширение инициалов личного имени Petr Ivanovič
Код отношения Редактор
711 12 - НАИМЕНОВАНИЕ ОРГАНИЗАЦИИ - АЛЬТЕРНАТИВНАЯ ОТВЕТСТВЕННОСТЬ
Графика поля Латинская
Материалы, к которым относится поле eng
Начальный элемент ввода "Interactive systems: problems of human-computer interaction", international conference
Порядковый номер временной организации и / или порядковый номер ее части 11
Место проведения временной организации Ulyanovsk
Дата проведения временной организации 2015
Системный номер авторитетной/нормативной записи 493635
Идентификатор авторитетной/нормативной записи RU\NLR\AUTH\880414215
712 01 - НАИМЕНОВАНИЕ ОРГАНИЗАЦИИ - ВТОРИЧНАЯ ОТВЕТСТВЕННОСТЬ
Код отношения Прочие
Начальный элемент ввода Russian Federation
Структурное подразделение Ministry of education and science
Материалы, к которым относится поле eng
Графика поля Латинская
Идентификатор авторитетной/нормативной записи RU\NLR\AUTH\880370804
Системный номер авторитетной/нормативной записи 408137
801 #0 - ИСТОЧНИК ЗАПИСИ
Страна российская федерация
Организация РГБ
Дата составления 20151030
Правила каталогизации RCR
942 ## - ДОПОЛНИТЕЛЬНЫЕ ЭЛЕМЕНТЫ ЗАПИСИ (АБИС)
Тип экземпляра АБИС Книга
980 ## - КОЛЛЕКЦИЯ
Название коллекции Национальная библиография
Экземпляры
Тип экземпляра Дата поступления Источник поступления Стоимость Библиотека постоянного хранения Библиотека текущего хранения Место хранения Шифр хранения Штрих-код Статус не для выдачи
Книга 19.11.2015 Обязательный экземпляр 0.00 РНБ (Московский) РНБ (Московский) Иностранный книжный фонд Ик 2015-7/1290 1-1202830